Два века Голландской церкви в Санкт-Петербурге (Запись № 11543700)
[ простой вид ]
| 000 -МАРКЕР | |
|---|---|
| контрольное поле | 02286nam0a2200385 4500 |
| 001 - ИДЕНТИФИКАТОР ЗАПИСИ | |
| контрольное поле | RU\NLR\BIBL_A\011734025 |
| 005 - ИДЕНТИФИКАТОР ВЕРСИИ | |
| контрольное поле | 20220804111425.0 |
| 010 ## - МЕЖДУНАРОДНЫЙ СТАНДАРТНЫЙ НОМЕР КНИГИ (ISBN) | |
| Номер (ISBN) | 978-5-903445-52-3 |
| 021 ## - НОМЕР ГОСУДАРСТВЕННОЙ РЕГИСТРАЦИИ | |
| Код страны | Российская Федерация |
| Номер | КН-П-18-036052 |
| Номер Листа государственной регистраци | КН-П-18-2617 |
| 035 ## - ДРУГИЕ СИСТЕМНЫЕ НОМЕРА | |
| Идентификатор записи | (NLR Aleph) 011734025 |
| 035 ## - ДРУГИЕ СИСТЕМНЫЕ НОМЕРА | |
| Идентификатор записи | (RuMoRGB)009634680 |
| 100 ## - ДАННЫЕ ОБЩЕЙ ОБРАБОТКИ | |
| Данные общей обработки | 20180620d2018 u y0rusy50 ca |
| 101 1# - ЯЗЫК РЕСУРСА | |
| Язык текста, звукозаписи и т.д. | русский |
| Язык оригинала | голландский, нидерландский, фламандский |
| Язык текста, звукозаписи и т.д. | голландский, нидерландский, фламандский |
| 102 ## - СТРАНА ПУБЛИКАЦИИ ИЛИ ПРОИЗВОДСТВА | |
| Страна публикации | Российская Федерация |
| 105 ## - ПОЛЕ КОДИРОВАННЫХ ДАННЫХ: ТЕКСТОВЫЕ МАТЕРИАЛЫ, МОНОГРАФИЧЕСКИЕ | |
| Кодированные данные о монографическом текстовом документе | ach z 001zy |
| 200 1# - ЗАГЛАВИЕ И СВЕДЕНИЯ ОБ ОТВЕТСТВЕННОСТИ | |
| Основное заглавие | Два века Голландской церкви в Санкт-Петербурге |
| Сведения, относящиеся к заглавию | Инославная община как культурный и общественный институт |
| -- | [сборник] |
| Первые сведения об ответственности | редколлегия: Бернард Вулдеринк [и др. |
| Последующие сведения об ответственности | перевод с нидерландского Надежды Возненко и Александры Яковлевой] |
| 210 ## - ПУБЛИКАЦИЯ, РАСПРОСТРАНЕНИЕ И ДР. | |
| Место издания, распространения и т.д. | Санкт-Петербург |
| Имя издателя, распространителя и т. д. | Alexandria |
| Дата издания, распространения и т.д. | 2018 |
| 215 ## - ФИЗИЧЕСКАЯ ХАРАКТЕРИСТИКА | |
| Специфическое обозначение материала и объем | 354, [4] с., XXIV с. ил., портр., факс. |
| Размеры | 21 |
| 300 ## - ОБЩИЕ ПРИМЕЧАНИЯ | |
| Текст примечания | Пер. изд.: Twee eeuwen Nederlanders in Sint-Petersburg: De Hollandse kerk als sociaal en religieus middelpunt. Zutphen: Walburg pers, 2013 |
| 300 ## - ОБЩИЕ ПРИМЕЧАНИЯ | |
| Текст примечания | Текст рус., нидерланд. |
| 320 ## - ПРИМЕЧАНИЯ О НАЛИЧИИ В ДОКУМЕНТЕ БИБЛИОГРАФИИ / УКАЗАТЕЛЯ | |
| Текст примечания | Указ. имен и назв.: с. 337-353 |
| 455 #1 - ОРИГИНАЛ, С КОТОРОГО СДЕЛАНА КОПИЯ | |
| Встроенное поле | 2001#$aTwee eeuwen Nederlanders in Sint-Petersburg. De Hollandse kerk als sociaal en religieus middelpunt |
| -- | 210##$aZutphen$cWalburg pers$d2013 |
| Заглавие | Twee eeuwen Nederlanders in Sint-Petersburg. De Hollandse kerk als sociaal en religieus middelpunt |
| 517 1# - ДРУГИЕ ВАРИАНТЫ ЗАГЛАВИЯ | |
| Вариант заглавия | Инославная община как культурный и общественный институт |
| 601 02 - НАИМЕНОВАНИЕ ОРГАНИЗАЦИИ КАК ПРЕДМЕТ | |
| Начальный элемент ввода | Голландская реформатская церковь |
| Идентифицирующий признак | Санкт-Петербург, город |
| Формальный подзаголовок | Сборники |
| Системный номер авторитетной/нормативной записи | 2355871 |
| Идентификатор авторитетной/нормативной записи | RU\NLR\AUTH\661407173 |
| 686 2# - ИНДЕКСЫ ДРУГИХ КЛАССИФИКАЦИЙ | |
| Индекс | Э376.13-39(2)я43 |
| 702 #1 - ИМЯ ЛИЦА - ВТОРИЧНАЯ ОТВЕТСТВЕННОСТЬ | |
| Начальный элемент ввода | Вулдеринк |
| Часть имени, кроме начального элемента ввода | Б. |
| Даты | 1938- |
| Расширение инициалов личного имени | Бернард |
| Код отношения | Редактор |
| 711 02 - НАИМЕНОВАНИЕ ОРГАНИЗАЦИИ - АЛЬТЕРНАТИВНАЯ ОТВЕТСТВЕННОСТЬ | |
| Начальный элемент ввода | Голландская реформатская церковь |
| Идентифицирующий признак | Санкт-Петербург |
| Системный номер авторитетной/нормативной записи | 572335 |
| Идентификатор авторитетной/нормативной записи | RU\NLR\AUTH\8810036819 |
| 942 ## - ДОПОЛНИТЕЛЬНЫЕ ЭЛЕМЕНТЫ ЗАПИСИ (АБИС) | |
| Тип экземпляра АБИС | Книга |
| 980 ## - КОЛЛЕКЦИЯ | |
| Название коллекции | НБР |
| 980 ## - КОЛЛЕКЦИЯ | |
| Название коллекции | Национальная библиография |
Нет доступных экземпляров.